| 000 | 00724nam a2200169Ia 4500 | ||
|---|---|---|---|
| 008 | 090201s9999 xx 000 0 und d | ||
| 010 | _aKPL-53121 | ||
| 040 | _bमराठी | ||
| 041 | _aमराठी | ||
| 082 |
_a13970 _b53121 |
||
| 100 | _aवि. स. वाळीेंबे | ||
| 245 |
_aवुई दि नेशन वाया गेलेली वर्ष (नानी पालखीवाला) _cवि. स. वाळीेंबे |
||
| 260 |
_c2004 _bमेहता पब्लिशिंग हाऊस |
||
| 300 |
_a297 _bमोठा |
||
| 600 | _aवुई दि नेशन वाया गेलेली वर्ष (नानी पालखीवाला) | ||
| 942 | _cBOOK | ||
| 999 |
_c214152 _d214152 |
||